000 00455nam a2200133 4500
008 170404t2009 my 000 0 eng
082 _a553.615952271 REN
100 _bRengga Anak Gendang,Che Abdul Rahman b Jaafar
245 _aConstruction sand in the Tatau area Bintulu division Sarawak : RAK (D13)
250 _aJMG.SWK (MPI) 1/2009
260 _aKuala Lumpur
_bJabatan Mineral Dan Geosains Malaysia
_c2009
300 _aill;62p. 29.8 cm
942 _2ddc
999 _c1262
_d1262